000
00295nam a22001097a 4500
082
_a
425
_b
GUP/C
100
_a
R.K.GUPTA
245
_a
COMPREHENSIVE TEST PAPERS ENGLISH - COMMUNICATIVE
_b
CLASS X
260
_a
DELHI
_b
LAXMI PUBLICATIONS
650
_a
ENGLISH TEST PAPERS FOR CLASS X
_z
INDIA
942
_c
BK
999
_c
824
_d
824